| 000 | 00793nam a2200205 a 4500 | ||
|---|---|---|---|
| 008 | 110913s1989 ||||||||||||||||| || u | ||
| 020 | _a0316475858 | ||
| 050 | _aRC 76 Cli | ||
| 100 | _aJudge, Richard D | ||
| 245 | 1 | 0 |
_aClinical diagnosis: a physiologic approach. (5th ed.) _cedited by Richard D. Judge, George D. Zuidema and Faith T. Fitzgerald |
| 250 | _a5th ed. | ||
| 260 |
_aBoston: _bLittle, Brown and Company _c1989 |
||
| 300 | _ax, 642p.: ill. | ||
| 350 | _a0.00 | ||
| 650 | _aDIAGNOSIS | ||
| 650 | 0 | _aPHYSICAL DIAGNOSIS | |
| 700 | _aFitzgerald, Faith T | ||
| 700 | _aZuidema, George D | ||
| 995 |
_aMEDICAL LIBRARY OPEN ACCESS _D0.00 _e900669 _FCBU-SCHOOL OF MEDICINE LIBRARY (Ndola) _H1 _I0.00 _jRC 76 CLI _M1 _UAVAILABLE _WOct 19, 2011 _y900669 _ZMedical Library Open Access Collection |
||
| 999 |
_c31005 _d31005 |
||